[Event "Xtracon Chess Open 2016"]
[Site "Elsinore"]
[Date "2016.07.25"]
[Round "4.130"]
[White "Mansoor, Afras"]
[Black "Skjoldager, Flemming"]
[Result "1-0"]
[WhiteElo "1719"]
[BlackElo "1926"]
[PlyCount "49"]
[EventDate "2016.07.23"]

1. d4 d5 2. c4 c6 3. Nf3 Nf6 4. e3 e6 5. Nc3 Nbd7 6. Bd3 Bd6 7. O-O O-O 8. Qe2
Qc7 9. e4 dxc4 10. Bxc4 e5 11. d5 a6 12. Bg5 c5 13. Nh4 b5 14. Bd3 h6 15. Bd2
Re8 16. Nf5 Bf8 17. f4 c4 18. Bc2 Qb6+ 19. Kh1 Bd6 20. Qf3 exf4 21. Bxf4 Bxf4
22. Qxf4 Nh5 23. Nxh6+ Qxh6 24. Qxf7+ Kh7 25. e5+ 1-0

[Event "Xtracon Chess Open 2016"]
[Site "Elsinore"]
[Date "2016.07.25"]
[Round "4.131"]
[White "Larsen, Mette Dalsgaard"]
[Black "Edvardsen, Ragnar"]
[Result "0-1"]
[WhiteElo "1715"]
[BlackElo "1924"]
[PlyCount "110"]
[EventDate "2016.07.23"]

1. d4 Nf6 2. c4 g6 3. Nf3 Bg7 4. e3 O-O 5. Be2 d5 6. O-O c5 7. cxd5 cxd4 8.
exd4 Nxd5 9. Nc3 Nc6 10. Nxd5 Qxd5 11. Be3 Rd8 12. Qa4 Be6 13. Rfd1 a6 14. Qa3
Rac8 15. b3 Qd6 16. Qb2 Bd5 17. Rac1 Rd7 18. Ne5 Rdc7 19. Nxc6 Rxc6 20. Qd2 Qa3
21. Rc5 e6 22. Rdc1 Rxc5 23. dxc5 Qb2 24. Rc2 Qf6 25. f3 Rd8 26. Qc1 Qa1 27.
Qxa1 Bxa1 28. Kf2 Kf8 29. Rd2 Bf6 30. Bd1 Bc6 31. Rxd8+ Bxd8 32. Bd4 Bc7 33. h3
Ke7 34. Ke3 e5 35. Bb2 Bd5 36. Bc2 f5 37. a3 Kd7 38. b4 Ke6 39. Bd3 Bc6 40.
Bc4+ Bd5 41. Bd3 Bb3 42. Bc3 Bd8 43. Bb2 Bg5+ 44. Ke2 Kd5 45. Kf1 e4 46. fxe4+
fxe4 47. Be2 Bc4 48. a4 Bxe2+ 49. Kxe2 Kc4 50. b5 axb5 51. c6 bxc6 52. a5 Bd8
53. a6 Bb6 54. Bc1 b4 55. Be3 c5 0-1

[Event "Xtracon Chess Open 2016"]
[Site "Elsinore"]
[Date "2016.07.25"]
[Round "4.132"]
[White "Bratteteig, Tore Inge"]
[Black "Keen, Cosima"]
[Result "0-1"]
[WhiteElo "1710"]
[BlackElo "1918"]
[PlyCount "38"]
[EventDate "2016.07.23"]

1. Nf3 d5 2. d4 Nf6 3. c4 e6 4. e3 Be7 5. Nc3 O-O 6. Bd3 dxc4 7. Bxc4 a6 8. O-O
b5 9. Bd3 Bb7 10. a3 c5 11. Be2 Nbd7 12. b3 Rc8 13. Bb2 Qb6 14. Qd2 Rfd8 15.
Rfd1 cxd4 16. exd4 Ne4 17. Qe3 Ndf6 18. b4 Nxc3 19. Bxc3 Nd5 0-1

[Event "Xtracon Chess Open 2016"]
[Site "Elsinore"]
[Date "2016.07.25"]
[Round "4.133"]
[White "Stuhr, Peter Sebastian"]
[Black "Christiansen, Torsten Sundgaar"]
[Result "1-0"]
[WhiteElo "1918"]
[BlackElo "1708"]
[PlyCount "65"]
[EventDate "2016.07.23"]

1. e4 g6 2. Nc3 Nf6 3. f4 d5 4. e5 Nh5 5. d4 Nc6 6. Be3 a6 7. Bd3 Be6 8. a3 Qd7
9. Qe2 Bh6 10. g3 Bg4 11. Qg2 Be6 12. Nce2 f6 13. h3 fxe5 14. dxe5 Nxe5 15. g4
Nxd3+ 16. cxd3 d4 17. Bd2 Bd5 18. Nf3 Qc6 19. Rf1 Nxf4 20. Bxf4 g5 21. Nexd4
Bxf3 22. Rxf3 Qd5 23. Be3 O-O-O 24. Nf5 Qe6 25. O-O-O Rhg8 26. Kb1 Bf8 27. Bc5
b6 28. Re3 Qb3 29. Bxe7 Qxd1+ 30. Ka2 Rxd3 31. Qa8+ Kd7 32. Rxd3+ Qxd3 33. Qd8+
1-0

[Event "Xtracon Chess Open 2016"]
[Site "Elsinore"]
[Date "2016.07.25"]
[Round "4.134"]
[White "Skjolas, Erling Dyrhaug"]
[Black "Klitgaard, Ebbe"]
[Result "1/2-1/2"]
[WhiteElo "1709"]
[BlackElo "1914"]
[PlyCount "102"]
[EventDate "2016.07.23"]

1. c4 c5 2. g3 Nc6 3. Bg2 g6 4. Nc3 Bg7 5. e3 Nf6 6. Nge2 O-O 7. O-O e5 8. a3
d6 9. b4 cxb4 10. axb4 Nxb4 11. Ba3 Nd3 12. Rb1 a6 13. Qc2 Nc5 14. Bxc5 dxc5
15. Bxb7 Bxb7 16. Rxb7 Qd6 17. e4 Rfb8 18. Rfb1 Rxb7 19. Rxb7 Rb8 20. Rxb8+
Qxb8 21. Nd5 h5 22. Nec3 Kh7 23. Qa4 Qc8 24. f3 h4 25. Nxf6+ Bxf6 26. Kg2 h3+
27. Kf2 Qb7 28. Qc2 Bg5 29. Ke2 Qb4 30. Nd5 Qa3 31. d3 Qa1 32. f4 exf4 33. Nxf4
Qg1 34. Kf3 f5 35. Nxh3 Qf1+ 36. Nf2 fxe4+ 37. dxe4 Qe1 38. Qd3 Bh6 39. Qd7+
Bg7 40. Qh3+ Kg8 41. Qc8+ Kh7 42. Qxc5 Qc3+ 43. Kg4 a5 44. Nh3 a4 45. Ng5+ Kh6
46. Qd5 Qe3 47. c5 a3 48. Nf7+ Kh7 49. Ng5+ Kh6 50. Nf7+ Kh7 51. Ng5+ Kh6
1/2-1/2

[Event "Xtracon Chess Open 2016"]
[Site "Elsinore"]
[Date "2016.07.25"]
[Round "4.135"]
[White "Undheim, Bjarne"]
[Black "Tolba, Henri"]
[Result "1-0"]
[WhiteElo "1910"]
[BlackElo "1688"]
[PlyCount "33"]
[EventDate "2016.07.23"]

1. e4 g6 2. d4 Bg7 3. Nf3 d6 4. h3 Nf6 5. Nc3 O-O 6. Bf4 Nbd7 7. Qd2 a6 8. Bh6
Re8 9. e5 dxe5 10. dxe5 Nh5 11. g4 Bxh6 12. Qxh6 Ng7 13. O-O-O Ne6 14. Bc4 Nef8
15. e6 fxe6 16. Ng5 a5 17. Bxe6+ 1-0

[Event "Xtracon Chess Open 2016"]
[Site "Elsinore"]
[Date "2016.07.25"]
[Round "4.136"]
[White "Petersen, Jan"]
[Black "French, Max"]
[Result "1/2-1/2"]
[WhiteElo "1694"]
[BlackElo "1908"]
[PlyCount "100"]
[EventDate "2016.07.23"]

1. d4 Nf6 2. c4 e6 3. Nc3 Bb4 4. e3 b6 5. Bd3 Bb7 6. Nf3 O-O 7. Qc2 d5 8. Bd2
Nbd7 9. a3 Bxc3 10. Bxc3 Ne4 11. Bxe4 dxe4 12. Nd2 f5 13. O-O Qg5 14. Rfc1 Rf6
15. Qd1 Rh6 16. Nf1 Rg6 17. g3 Rf8 18. b4 f4 19. exf4 Qxf4 20. Qd2 Qf3 21. Qe3
Rgf6 22. Qxf3 Rxf3 23. Be1 Nf6 24. Ne3 Ne8 25. a4 Nd6 26. a5 b5 27. c5 Nf5 28.
Nxf5 R8xf5 29. Rc3 Rxc3 30. Bxc3 Rf3 31. Rc1 Bd5 32. Bd2 Rd3 33. Be3 Rb3 34.
Bd2 Rb2 35. Bc3 Re2 36. Re1 Rc2 37. Re3 Rc1+ 38. Kg2 Bc4 39. g4 Bd3 40. Be1 Rc4
41. Kg3 Rxd4 42. Kf4 Rd5 43. h4 Kf7 44. Bc3 a6 45. Be5 c6 46. Bc3 g6 47. Be5 h6
48. g5 h5 49. Re1 Bc2 50. Re2 Bb1 1/2-1/2

[Event "Xtracon Chess Open 2016"]
[Site "Elsinore"]
[Date "2016.07.25"]
[Round "4.137"]
[White "Madsen, Dennis"]
[Black "Ramkilde, Mikael"]
[Result "0-1"]
[WhiteElo "1665"]
[BlackElo "1907"]
[PlyCount "92"]
[EventDate "2016.07.23"]

1. d4 Nf6 2. Nc3 c5 3. d5 g6 4. e4 d6 5. Bc4 Bg7 6. Nf3 O-O 7. O-O Bg4 8. Qd3
Na6 9. a3 Nc7 10. h3 Bxf3 11. Qxf3 Nd7 12. Bf4 a6 13. a4 Ne5 14. Bxe5 Bxe5 15.
Rab1 Rb8 16. b3 b5 17. axb5 axb5 18. Be2 b4 19. Na4 f5 20. g3 Qd7 21. Kg2 Nb5
22. Bxb5 Rxb5 23. exf5 Rxf5 24. Qd3 Qb7 25. f4 Bd4 26. Qe4 Qxd5 27. Rbe1 Qxe4+
28. Rxe4 Kf8 29. g4 Rf7 30. h4 Ke8 31. f5 gxf5 32. gxf5 Kd7 33. Rf3 Rb8 34. Rg4
Kc6 35. Kh3 Rbf8 36. Re4 e5 37. Kg4 d5 38. Re2 e4 39. Rf1 Be5 40. Re3 Rg8+ 41.
Kh5 Bf6 42. c4 bxc3 43. Nxc3 d4 44. Rxe4 dxc3 45. Re6+ Kd5 46. Ra1 c2 0-1

[Event "Xtracon Chess Open 2016"]
[Site "Elsinore"]
[Date "2016.07.25"]
[Round "4.138"]
[White "Janse, Sebastiaan"]
[Black "Joensson, Jacob"]
[Result "0-1"]
[WhiteElo "1903"]
[BlackElo "1680"]
[PlyCount "110"]
[EventDate "2016.07.23"]

1. e4 c5 2. Nc3 e6 3. g3 b6 4. Bg2 Bb7 5. d3 d6 6. Nh3 Nf6 7. O-O Nbd7 8. f4
Be7 9. f5 exf5 10. Rxf5 Ne5 11. Rf1 Ng6 12. Nf4 Nxf4 13. Bxf4 Qd7 14. a4 a6 15.
Nd5 Nxd5 16. exd5 O-O 17. c4 b5 18. Qc2 Bf6 19. Be4 Bd4+ 20. Kh1 f5 21. Bf3
Rae8 22. axb5 axb5 23. Ra7 Ra8 24. Rfa1 Rxa7 25. Rxa7 Re8 26. Be2 Bxd5+ 27.
cxd5 Qxa7 28. Bf1 Qa1 29. Kg2 Qxb2 30. Qxb2 Bxb2 31. Bxd6 Rd8 32. Bxc5 Rxd5 33.
d4 Bxd4 34. Bxd4 Rxd4 35. Bxb5 Rd2+ 36. Kg1 Kf7 37. h3 Kf6 38. Kf1 g5 39. Be2
Ke5 40. Kf2 Ke4 41. Ke1 Rxe2+ 42. Kxe2 g4 43. h4 h5 44. Kf2 Kd3 45. Kg2 Ke2 46.
Kh1 Kf3 47. Kh2 Kf2 48. Kh1 Kxg3 49. Kg1 f4 50. Kf1 Kh2 51. Ke2 g3 52. Kf3 g2
53. Kxf4 g1=Q 54. Kf5 Qg4+ 55. Kf6 Kg3 0-1

[Event "Xtracon Chess Open 2016"]
[Site "Elsinore"]
[Date "2016.07.25"]
[Round "4.139"]
[White "Stockhaug, Jon Arne"]
[Black "Hansen, Simon L"]
[Result "1-0"]
[WhiteElo "1901"]
[BlackElo "1636"]
[PlyCount "57"]
[EventDate "2016.07.23"]

1. Nf3 Nf6 2. c4 g6 3. g3 Bg7 4. Nc3 c5 5. Bg2 O-O 6. O-O Nc6 7. d4 cxd4 8.
Nxd4 Qb6 9. Nb3 Ne5 10. c5 Qd8 11. Qc2 Rb8 12. Rd1 Qe8 13. Bf4 Nh5 14. Bxe5
Bxe5 15. f4 Bxc3 16. Qxc3 Nf6 17. Qe5 d6 18. cxd6 Nd7 19. Qxe7 Qxe7 20. dxe7
Re8 21. Rd2 Rxe7 22. Rad1 Kf8 23. Na5 Nf6 24. Rd8+ Re8 25. Rxe8+ Kxe8 26. Bf3
Be6 27. Nxb7 Bxa2 28. Ra1 Bc4 29. Nd6+ 1-0

[Event "Xtracon Chess Open 2016"]
[Site "Elsinore"]
[Date "2016.07.25"]
[Round "4.140"]
[White "Marthedal, Anton Mehmet Yildiz"]
[Black "Rasmussen, Bjarne Berring"]
[Result "1-0"]
[WhiteElo "1891"]
[BlackElo "1634"]
[PlyCount "69"]
[EventDate "2016.07.23"]

1. e4 c6 2. d4 d5 3. exd5 cxd5 4. c4 Nf6 5. Nc3 e6 6. Bg5 Be7 7. c5 Nc6 8. Nf3
O-O 9. Bb5 h6 10. Bf4 Qa5 11. O-O Qd8 12. h3 Bd7 13. Re1 a6 14. Bxc6 Bxc6 15.
b4 b5 16. Ne5 Qc8 17. Qd3 Ne4 18. Nxe4 dxe4 19. Nxc6 Qxc6 20. Qxe4 Qxe4 21.
Rxe4 Rfd8 22. Rd1 Rd5 23. Kf1 Rc8 24. Ke2 g5 25. Bh2 Bd8 26. Ra1 Kf8 27. a4
bxa4 28. Rxa4 Rc6 29. Bd6+ Be7 30. b5 Rc8 31. Bxe7+ Kxe7 32. Rxa6 Kf6 33. b6
Kf5 34. Ke3 e5 35. g4+ 1-0

[Event "Xtracon Chess Open 2016"]
[Site "Elsinore"]
[Date "2016.07.25"]
[Round "4.141"]
[White "Madsen, Svend"]
[Black "Manz, Andreas"]
[Result "0-1"]
[WhiteElo "1638"]
[BlackElo "1890"]
[PlyCount "110"]
[EventDate "2016.07.23"]

1. e4 e5 2. Nf3 d6 3. Be2 Nf6 4. Nc3 Be7 5. O-O c6 6. d4 Qc7 7. Bg5 h6 8. Bh4
O-O 9. h3 Nbd7 10. a4 Re8 11. dxe5 dxe5 12. Bc4 Bb4 13. Na2 Bf8 14. Qe2 a6 15.
Nc3 g6 16. Bg3 a5 17. Nh4 Kg7 18. Bb3 Nc5 19. Bc4 Be6 20. Rfd1 Rad8 21. Bxe6
Nxe6 22. Rxd8 Rxd8 23. Nf3 Nd7 24. Rd1 f6 25. b3 Bc5 26. Rd3 Ndf8 27. Rxd8 Qxd8
28. Kf1 Nd4 29. Nxd4 Qxd4 30. Qd3 Ne6 31. Qxd4 Nxd4 32. f4 exf4 33. Bf2 Ne6 34.
Bxc5 Nxc5 35. Ke2 g5 36. Kf3 h5 37. Ne2 b5 38. axb5 cxb5 39. Nd4 b4 40. Nc6 a4
41. bxa4 Nxa4 42. Nxb4 Nc3 43. Nd5 Na4 44. h4 Kf7 45. c4 Nc5 46. e5 fxe5 47.
hxg5 Kg6 48. Nf6 Kf5 49. Nxh5 e4+ 50. Ke2 Kxg5 51. Ng7 Kg4 52. Ne8 Kg3 53. Nd6
Kxg2 54. Nf5 f3+ 55. Kd2 Kf2 0-1

[Event "Xtracon Chess Open 2016"]
[Site "Elsinore"]
[Date "2016.07.25"]
[Round "4.142"]
[White "Thybo, Thomas Sondergaard"]
[Black "Rygg, Andreas Gangstad"]
[Result "1-0"]
[WhiteElo "1886"]
[BlackElo "1631"]
[PlyCount "57"]
[EventDate "2016.07.23"]

1. e4 d5 2. exd5 Qxd5 3. Nc3 Qd6 4. d4 Nf6 5. Nf3 a6 6. Bd3 Bg4 7. O-O e6 8.
Ne4 Nxe4 9. Bxe4 Nc6 10. c3 Be7 11. Qb3 Rb8 12. Bxc6+ Qxc6 13. Ne5 Qd6 14. Nxg4
h5 15. Ne5 g5 16. f4 g4 17. f5 h4 18. fxe6 Qxe6 19. Qxe6 fxe6 20. Ng6 Rh5 21.
Nxe7 Kxe7 22. Rf4 Rg8 23. b3 e5 24. Re4 Kd6 25. Rxe5 Rxe5 26. Bf4 g3 27. Bxe5+
Kd5 28. hxg3 hxg3 29. Rf1 1-0

[Event "Xtracon Chess Open 2016"]
[Site "Elsinore"]
[Date "2016.07.25"]
[Round "4.143"]
[White "Andersen, Daniel"]
[Black "Skaale, Janus"]
[Result "0-1"]
[WhiteElo "1875"]
[BlackElo "1628"]
[PlyCount "58"]
[EventDate "2016.07.23"]

1. c4 e5 2. Nc3 Nf6 3. Nf3 Nc6 4. e4 Bb4 5. d3 d6 6. h3 h6 7. a3 Bxc3+ 8. bxc3
O-O 9. Be2 Ne7 10. O-O c5 11. Re1 Ng6 12. Bf1 Re8 13. g3 Bd7 14. Bg2 Bc6 15.
Nd2 Qc7 16. Nf1 a6 17. a4 b5 18. axb5 axb5 19. Rxa8 Rxa8 20. cxb5 Bxb5 21. d4
cxd4 22. cxd4 Ne7 23. f4 Nc6 24. fxe5 dxe5 25. d5 Nd4 26. Bb2 Nc2 27. Qc1 Rc8
28. Rd1 Ba6 29. Nd2 Qb6+ 0-1

[Event "Xtracon Chess Open 2016"]
[Site "Elsinore"]
[Date "2016.07.25"]
[Round "4.144"]
[White "Grotle, Ramona"]
[Black "Fossan, Benjamin"]
[Result "1/2-1/2"]
[WhiteElo "1632"]
[BlackElo "1873"]
[PlyCount "109"]
[EventDate "2016.07.23"]

1. e4 c5 2. Nf3 g6 3. d3 Bg7 4. g3 Nc6 5. Bg2 Nf6 6. O-O O-O 7. c3 d6 8. Re1 e5
9. Na3 Ne8 10. Be3 Nc7 11. d4 cxd4 12. cxd4 Bg4 13. d5 Ne7 14. h3 Bc8 15. Rc1
f5 16. Bg5 fxe4 17. Bxe7 Qxe7 18. Rxe4 Na6 19. Rec4 Qf6 20. R1c2 Bf5 21. Re2 g5
22. Qd2 Bh6 23. g4 Bg6 24. Nb5 Nc5 25. Ne1 a6 26. Nc7 Rac8 27. Ne6 Nxe6 28.
Rxc8 Rxc8 29. dxe6 Qe7 30. Qb4 Rc7 31. Bd5 Bf8 32. Re3 Kg7 33. Rc3 b5 34. Qa5
Rxc3 35. Qxc3 Qa7 36. Qe3 Qc5 37. Qxc5 dxc5 38. Nf3 Kf6 39. Kf1 Bd6 40. Nd2 h6
41. Ke2 Ke7 42. f3 Bc7 43. Ne4 Bxe4 44. fxe4 Kd6 45. b3 Bd8 46. Kd3 Kc7 47. Kc3
Be7 48. Kd3 Kb6 49. Kc3 Ka5 50. Bb7 Bd6 51. Bc6 Be7 52. Bb7 Kb6 53. Bd5 Bd6 54.
Kc2 Be7 55. Kc3 1/2-1/2

[Event "Xtracon Chess Open 2016"]
[Site "Elsinore"]
[Date "2016.07.25"]
[Round "4.145"]
[White "Stuhlmann, Alexander"]
[Black "Horslund, Mikael"]
[Result "1-0"]
[WhiteElo "1873"]
[BlackElo "1604"]
[PlyCount "91"]
[EventDate "2016.07.23"]

1. c4 Nf6 2. Nc3 g6 3. g3 Bg7 4. Bg2 O-O 5. e4 d6 6. Nge2 c5 7. d3 Nc6 8. O-O
Bd7 9. h3 Qc8 10. Kh2 Ne8 11. f4 Nc7 12. Be3 e5 13. Qd2 Nd4 14. Nd5 Nxd5 15.
cxd5 Nxe2 16. Qxe2 b6 17. fxe5 Bxe5 18. Bf4 f6 19. Rac1 Qa6 20. b3 Rae8 21.
Rfd1 Re7 22. Be3 h5 23. Bh6 Rff7 24. Rf1 h4 25. Bf4 hxg3+ 26. Bxg3 Bxg3+ 27.
Kxg3 Re5 28. Kh2 Kg7 29. Rf3 Qc8 30. Rcf1 Rh5 31. Rg3 Rh6 32. Qe3 Qe8 33. d4
Re7 34. dxc5 bxc5 35. Qf4 f5 36. Qxd6 fxe4 37. Re3 Bf5 38. Qxc5 Qb8+ 39. d6 Rd7
40. Rd1 Rh5 41. Qe5+ Kh7 42. Bxe4 Rh4 43. Qf6 Rxe4 44. Rxe4 Bxe4 45. Qh4+ Kg7
46. Qxe4 1-0

[Event "Xtracon Chess Open 2016"]
[Site "Elsinore"]
[Date "2016.07.25"]
[Round "4.146"]
[White "Skjoldager, Morten"]
[Black "Hansen, Ole Foss"]
[Result "0-1"]
[WhiteElo "1629"]
[BlackElo "1871"]
[PlyCount "52"]
[EventDate "2016.07.23"]

1. e4 Nf6 2. Nc3 e5 3. Nf3 Nc6 4. Bc4 Nxe4 5. Bxf7+ Kxf7 6. Nxe4 d5 7. Ng3 e4
8. Ng1 Bc5 9. d3 Re8 10. dxe4 Be6 11. Qh5+ Kg8 12. Bg5 Qc8 13. O-O-O Bg4 14.
Qh4 Bxd1 15. Kxd1 Bxf2 16. N1e2 Rxe4 17. Qh5 Re5 18. Rf1 Bc5 19. Rf7 Rxg5 20.
Qxg5 Kxf7 21. Nh5 Bf8 22. Nef4 Qd7 23. Nxd5 Rd8 24. Qf4+ Kg8 25. Nhf6+ gxf6 26.
Kc1 Qxd5 0-1

[Event "Xtracon Chess Open 2016"]
[Site "Elsinore"]
[Date "2016.07.25"]
[Round "4.148"]
[White "Lavrsen, Frands Winther"]
[Black "Merkesvik, Amalie Isabel"]
[Result "0-1"]
[WhiteElo "1851"]
[BlackElo "1574"]
[PlyCount "132"]
[EventDate "2016.07.23"]

1. d4 d5 2. Nf3 Nf6 3. g3 c6 4. Bg2 g6 5. O-O Bg7 6. Nbd2 O-O 7. Ne5 Nbd7 8.
Ndf3 Nxe5 9. Nxe5 Ng4 10. f4 Qb6 11. e4 Nxe5 12. fxe5 dxe4 13. Kh1 Be6 14. Bxe4
Rad8 15. c3 Bxe5 16. Qe2 Bg7 17. Be3 Qc7 18. Bg5 f6 19. Bf4 Qd7 20. Rae1 Bd5
21. Kg1 Rfe8 22. Bxd5+ Qxd5 23. Qe6+ Qxe6 24. Rxe6 Kf7 25. Rfe1 Rd5 26. b4 a5
27. a3 axb4 28. axb4 Bf8 29. Bc7 Ra8 30. Ba5 Ra6 31. Kg2 Rd6 32. Rxd6 exd6 33.
Bd8 Ra8 34. Bb6 Ra2+ 35. Kh3 f5 36. Rf1 Bh6 37. g4 f4 38. d5 cxd5 39. Bd4 g5
40. Re1 b5 41. Rf1 Bg7 42. Bxg7 Kxg7 43. Rd1 Rc2 44. Rxd5 Rxc3+ 45. Kg2 Kf6 46.
Rxd6+ Ke5 47. Rb6 Rc2+ 48. Kh3 Ke4 49. Rxb5 h6 50. Rb6 Kf3 51. b5 Kf2 52. Rc6
Rb2 53. Rc3 Rxb5 54. Rc2+ Ke1 55. Rc1+ Kd2 56. Rc6 Ke2 57. Rc2+ Kd3 58. Rc6 Rb3
59. Kg2 Ke2 60. Rc2+ Ke3 61. Rc5 Rb2+ 62. Kh3 Kf2 63. Rc3 Re2 64. Ra3 Re3+ 65.
Rxe3 Kxe3 66. Kg2 Ke2 0-1

[Event "Xtracon Chess Open 2016"]
[Site "Elsinore"]
[Date "2016.07.25"]
[Round "4.149"]
[White "Joensen, Sigurd"]
[Black "Svensson, Erik"]
[Result "0-1"]
[WhiteElo "1615"]
[BlackElo "1848"]
[PlyCount "86"]
[EventDate "2016.07.23"]

1. e4 c5 2. Nc3 a6 3. d3 b5 4. Nf3 Bb7 5. Be2 e6 6. O-O Nf6 7. Bg5 Be7 8. a3 d6
9. Rb1 Qc7 10. h3 Nbd7 11. Nh2 b4 12. axb4 cxb4 13. Na2 d5 14. Qd2 Qa5 15. Ra1
dxe4 16. Bxf6 Nxf6 17. c3 bxc3 18. Qxc3 Qb6 19. Ng4 O-O 20. Ne3 Nd5 21. Nxd5
Bxd5 22. b4 Bf6 23. Qc5 Qxc5 24. bxc5 Bxa1 25. Rxa1 exd3 26. Bxd3 Rfc8 27. Nc3
Rxc5 28. Nxd5 exd5 29. Rxa6 Rxa6 30. Bxa6 Rc1+ 31. Kh2 g5 32. Kg3 Rc3+ 33. Kg4
d4 34. Kxg5 d3 35. Kf4 d2 36. Be2 Rc1 37. Kg5 Kg7 38. f4 d1=Q 39. Bxd1 Rxd1 40.
f5 f6+ 41. Kh5 Rg1 42. g4 Rg3 43. h4 h6 0-1

[Event "Xtracon Chess Open 2016"]
[Site "Elsinore"]
[Date "2016.07.25"]
[Round "4.150"]
[White "van den Brink, Nienke"]
[Black "Larsen, Preben R"]
[Result "0-1"]
[WhiteElo "1612"]
[BlackElo "1846"]
[PlyCount "64"]
[EventDate "2016.07.23"]

1. e4 c5 2. Nc3 Nc6 3. f4 d6 4. Bc4 a6 5. a4 g6 6. Nf3 e6 7. d3 Bg7 8. O-O Nge7
9. Qe1 Bd7 10. Nh4 Nd4 11. Qf2 Nec6 12. g3 Nb4 13. f5 Ndxc2 14. Qf3 Bd4+ 15.
Kh1 Qf6 16. Rb1 O-O-O 17. fxg6 Qxf3+ 18. Nxf3 fxg6 19. Ng5 Rde8 20. Nf7 Rhf8
21. Bh6 Kc7 22. Bxf8 Rxf8 23. Ng5 Rxf1+ 24. Rxf1 Ne3 25. Rf7 d5 26. Bb3 Kd6 27.
Nxh7 Nxd3 28. exd5 exd5 29. Nf8 Bf5 30. Rxb7 Bxc3 31. bxc3 Nf2+ 32. Kg1 Nh3+
0-1

[Event "Xtracon Chess Open 2016"]
[Site "Elsinore"]
[Date "2016.07.25"]
[Round "4.151"]
[White "Madison, Sigurd"]
[Black "Kristensen, Thomas Overgaard"]
[Result "1-0"]
[WhiteElo "1846"]
[BlackElo "1568"]
[PlyCount "83"]
[EventDate "2016.07.23"]

1. Nf3 Nf6 2. Nc3 d5 3. e3 Bf5 4. d3 h6 5. Be2 e6 6. O-O Nbd7 7. Nd4 Bg6 8. f4
c5 9. Nf3 d4 10. exd4 cxd4 11. Nb5 Bc5 12. Nbxd4 Qb6 13. c3 h5 14. Qa4 O-O-O
15. Qc4 Kb8 16. Kh1 h4 17. a4 h3 18. g3 Ng4 19. a5 Qd6 20. b4 Bxd4 21. Nxd4 Rc8
22. Qb3 e5 23. Bxg4 exd4 24. c4 f5 25. Bf3 Bh5 26. Qd1 Nf6 27. b5 Ng4 28. Qb3
Ne3 29. Bxe3 dxe3 30. Qd1 Bxf3+ 31. Rxf3 Rhe8 32. Qe2 Qd4 33. Re1 Rc5 34. Rxe3
Rxe3 35. Qxe3 Qb2 36. Qe8+ Rc8 37. Qe5+ Qxe5 38. fxe5 Rd8 39. Re3 g5 40. Kg1 f4
41. gxf4 gxf4 42. Rxh3 1-0

[Event "Xtracon Chess Open 2016"]
[Site "Elsinore"]
[Date "2016.07.25"]
[Round "4.152"]
[White "Mottang, Harald"]
[Black "Moller, Arne"]
[Result "0-1"]
[WhiteElo "1597"]
[BlackElo "1843"]
[PlyCount "66"]
[EventDate "2016.07.23"]

1. Nf3 Nf6 2. c4 e6 3. Nc3 d5 4. d4 c6 5. g3 Be7 6. Bg2 Nbd7 7. cxd5 exd5 8.
O-O O-O 9. b3 Re8 10. Qc2 h6 11. Re1 Bd6 12. e4 Nxe4 13. Nxe4 dxe4 14. Rxe4
Rxe4 15. Qxe4 Nf6 16. Qd3 Be6 17. Bb2 Qd7 18. Rc1 Rd8 19. Nd2 Bf5 20. Qc4 Re8
21. d5 Nxd5 22. Bxd5 cxd5 23. Qxd5 Bh3 24. Nc4 Qe7 25. Ne3 b6 26. Rd1 Bc5 27.
Bc1 a5 28. Qf3 Qe6 29. Qd5 Qf6 30. Qd3 Qf3 31. Qd5 Qe2 32. Qd2 Rxe3 33. fxe3
Bxe3+ 0-1

[Event "Xtracon Chess Open 2016"]
[Site "Elsinore"]
[Date "2016.07.25"]
[Round "4.153"]
[White "Bjarnason, Larus H"]
[Black "Rasmussen, Henrik"]
[Result "1/2-1/2"]
[WhiteElo "1586"]
[BlackElo "1833"]
[PlyCount "68"]
[EventDate "2016.07.23"]

1. f4 d5 2. e3 c5 3. Nf3 g6 4. Be2 Bg7 5. d3 Nf6 6. h3 Nh5 7. Kf2 Nc6 8. Nbd2
e5 9. g4 exf4 10. gxh5 fxe3+ 11. Kxe3 Bd4+ 12. Nxd4 cxd4+ 13. Kf2 Qh4+ 14. Kg2
gxh5 15. Nf3 Rg8+ 16. Bg5 Rxg5+ 17. Nxg5 Qxg5+ 18. Kf2 Qe3+ 19. Kg2 Be6 20.
Bxh5 O-O-O 21. Qf3 Rg8+ 22. Kf1 Qg5 23. Re1 Nb4 24. h4 Qg7 25. a3 Nc6 26. Ke2
Ne5 27. Qf4 Qg2+ 28. Qf2 Bg4+ 29. Bxg4+ Qxg4+ 30. Kd2 Nf3+ 31. Kc1 Nxe1 32.
Rxe1 Qg3 33. Qf5+ Kb8 34. Qe5+ Qxe5 1/2-1/2

[Event "Xtracon Chess Open 2016"]
[Site "Elsinore"]
[Date "2016.07.25"]
[Round "4.154"]
[White "Lindsjorn, Yngve"]
[Black "Nordin, Eric"]
[Result "0-1"]
[WhiteElo "1582"]
[BlackElo "1832"]
[PlyCount "128"]
[EventDate "2016.07.23"]

1. e4 d6 2. d4 Nf6 3. Nc3 g6 4. Be3 c6 5. Qd2 b5 6. Bd3 Ng4 7. Bg5 b4 8. Nce2
a5 9. h3 Nf6 10. Nf3 Nbd7 11. O-O c5 12. c4 cxd4 13. Nfxd4 Bb7 14. Ng3 Bg7 15.
Bh6 Bxh6 16. Qxh6 Qb6 17. Nde2 Nc5 18. Qe3 Nfd7 19. Rad1 Ne5 20. Nc1 Qc6 21.
Qd4 Ne6 22. Qd5 Qd7 23. Qb5 Bc6 24. Qb6 Nc5 25. Be2 O-O 26. Qxc5 dxc5 27. Rxd7
Bxd7 28. f4 Nc6 29. Nd3 Nd4 30. Nxc5 Nxe2+ 31. Nxe2 Rfd8 32. b3 Bc6 33. Nc1 Rd2
34. Re1 f5 35. exf5 Rxg2+ 36. Kf1 Rh2 37. N5d3 Rh1+ 38. Kf2 Rxe1 39. Kxe1 gxf5
40. Kf2 Be4 41. Ke3 Bxd3 42. Nxd3 Kf7 43. Ne5+ Ke6 44. c5 a4 45. Kd4 axb3 46.
axb3 h5 47. Kc4 Rb8 48. c6 Kd6 49. Nd7 Rg8 50. Ne5 Rg3 51. Kxb4 Rxh3 52. Ka4
Rc3 53. b4 Rxc6 54. Nxc6 Kxc6 55. Ka5 h4 56. Ka6 h3 57. b5+ Kc5 58. b6 h2 59.
b7 h1=Q 60. b8=Q Qa1+ 61. Kb7 Qb2+ 62. Kc8 Qxb8+ 63. Kxb8 Kd5 64. Kc7 e5 0-1

[Event "Xtracon Chess Open 2016"]
[Site "Elsinore"]
[Date "2016.07.25"]
[Round "4.155"]
[White "Maselli, David"]
[Black "Andersen, Dag"]
[Result "1/2-1/2"]
[WhiteElo "1567"]
[BlackElo "1830"]
[PlyCount "37"]
[EventDate "2016.07.23"]

1. d4 Nf6 2. Nc3 e6 3. e4 d5 4. Bg5 dxe4 5. Nxe4 Be7 6. Bxf6 Bxf6 7. Nf3 Be7 8.
Bd3 Nd7 9. O-O O-O 10. c3 c5 11. Qc2 g6 12. Rad1 Qc7 13. Qd2 Rd8 14. h4 h5 15.
Nfg5 cxd4 16. Rc1 dxc3 17. Rxc3 Qe5 18. Nf3 Qd5 19. a3 1/2-1/2

[Event "Xtracon Chess Open 2016"]
[Site "Elsinore"]
[Date "2016.07.25"]
[Round "4.156"]
[White "Fridthjofsdottir, Sigurl. Regina"]
[Black "Jacobsen, Caroline Beer"]
[Result "1-0"]
[WhiteElo "1815"]
[BlackElo "1544"]
[PlyCount "115"]
[EventDate "2016.07.23"]

1. e4 c6 2. d3 d5 3. Nd2 dxe4 4. dxe4 g6 5. Ngf3 Bg7 6. Be2 Nf6 7. O-O O-O 8.
Re1 Qc7 9. c3 Nbd7 10. Qc2 c5 11. Nf1 Ne5 12. Nxe5 Qxe5 13. Ng3 b6 14. f4 Qc7
15. Be3 Bb7 16. Rad1 Rad8 17. Bf3 Rxd1 18. Rxd1 Nd7 19. Qd2 Nb8 20. Qf2 Rd8 21.
Rxd8+ Qxd8 22. h4 h5 23. f5 Nc6 24. fxg6 fxg6 25. Be2 Ne5 26. Qf1 Qd6 27. Bf4
Bf6 28. Bg5 Kg7 29. Bxh5 Nd3 30. Bxf6+ exf6 31. Qf3 Ne1 32. Qf2 Nd3 33. Qf3 Ne1
34. Qg4 Qe5 35. Qxg6+ Kh8 36. Qe8+ Qxe8 37. Bxe8 Nd3 38. h5 Nxb2 39. Bf7 Nd1
40. c4 Nc3 41. Bd5 Bxd5 42. exd5 Nxa2 43. Ne4 Kg7 44. Kf2 Nb4 45. d6 Nd3+ 46.
Kg3 Ne5 47. Kf4 a5 48. Nc3 Kh6 49. g4 Kg7 50. Kf5 Kf7 51. g5 Nd7 52. g6+ Kg7
53. Ke6 Nf8+ 54. Ke7 f5 55. h6+ Kg8 56. h7+ Kg7 57. h8=Q+ Kxh8 58. Kxf8 1-0

[Event "Xtracon Chess Open 2016"]
[Site "Elsinore"]
[Date "2016.07.25"]
[Round "4.158"]
[White "Rasmussen, Morten(1956)"]
[Black "Morling, Aase"]
[Result "1-0"]
[WhiteElo "1808"]
[BlackElo "1539"]
[PlyCount "77"]
[EventDate "2016.07.23"]

1. d4 Nf6 2. Bg5 e6 3. e4 h6 4. Bxf6 Qxf6 5. Nf3 d6 6. Nbd2 b6 7. Bb5+ Bd7 8.
Bxd7+ Nxd7 9. c3 e5 10. d5 Qd8 11. O-O Be7 12. Re1 O-O 13. Nf1 Bf6 14. Qd2 Re8
15. Ng3 Kh7 16. Nf5 Bg5 17. Qc2 g6 18. Ng3 Bf6 19. b4 a5 20. a3 Rg8 21. c4 Ra7
22. Nd2 Qa8 23. Nb3 a4 24. Nc1 Rc8 25. Re3 Bg5 26. Rc3 c5 27. dxc6 Rxc6 28. Nd3
Qc8 29. Nb2 b5 30. Ne2 Qb7 31. cxb5 Rxc3 32. Nxc3 Nb6 33. Rd1 Be7 34. Nd5 Nxd5
35. Rxd5 Qc7 36. Qc6 Qxc6 37. bxc6 Ra6 38. b5 Rb6 39. c7 1-0